| 000 | 00921nam a2200301 a 4500 | ||
|---|---|---|---|
| 001 | 68785 | ||
| 003 | BD-RjUL | ||
| 005 | 20211209081817.0 | ||
| 008 | 100405s1944 enk 001 0 eng d | ||
| 035 | _a(BD-RjUL)68996 | ||
| 040 |
_aDLC _cJHE _dOCL _dJHE _dNRC _dEQO _dBD-RjUL _beng |
||
| 041 | _aeng | ||
| 082 |
_a930.1 _223 _bCHP 1945 |
||
| 100 | 1 |
_aChilde, V. Gordon _q(Vere Gordon), _d1892-1957. _9164873 |
|
| 245 | 1 | 0 |
_aProgress and archæology / _cby V. Gordon Childe |
| 260 |
_aLondon : _bWatts, _c1944 [impression 1945] |
||
| 300 |
_a119 p. ; _c17 cm |
||
| 490 | 1 |
_aThinker's library ; _vno. 102 |
|
| 500 | _a"First published 1944." | ||
| 500 | _aIncludes index | ||
| 650 | 0 |
_aArchaeology _9203859 |
|
| 650 | 0 |
_aProgress _9122223 |
|
| 650 | 0 |
_aCivilization, Ancient _9151764 |
|
| 650 | 0 |
_aArchaeology _9203859 |
|
| 830 | 0 |
_aThinker's library ; _vno. 102 _9203862 |
|
| 942 |
_2ddc _cBK |
||
| 999 |
_c68785 _d68785 |
||